| 000 | 00370pam a2200157a 44500 | ||
|---|---|---|---|
| 008 | 230405s1992 xxu||||| |||| 00| 0 eng d | ||
| 041 | _aENG | ||
| 100 | _aHenry C. Lucas Jr. | ||
| 245 | _aThe Analysis, Design and Implementation of Informa | ||
| 250 | _a4 | ||
| 260 |
_a _bM.G.H. _c1992 |
||
| 300 | _a550P, 24cms | ||
| 440 | _a411 | ||
| 690 | _aMCA | ||
| 906 | _a5602 | ||
| 999 |
_c258461 _d258461 |
||